000 00337nam a2200157 i 4500
001 bg
100 1 _aBRUHEIM, G.
245 0 _aSzlifowanie /
_cG. Bruheim.
260 _aWarszawa,
_c1947.
650 9 _aSzlifowanie
040 _cBPK
041 _apol
080 _a621.92
942 _cKS
008 s pl f |000 0 pol
999 _c10542
_d10542
856 _uhttp://koha.tu.koszalin.pl/cgi-bin/koha/opac-detail.pl?biblionumber=10542
_yKatalog online BPK